Vybrané aspekty manažmentu ľudských zdrojov v zahraničných firmách na Slovensku
V rokoch 2007-2008 sa uskutočnil výskum zameraný na pôsobnosť zahraničných investorov na Slovensku s osobitným dôrazom na skúmanie problematiky ľudských zdrojov. Informácia o cieľoch a záveroch výskumu.
Salvato in:
| Autore principale: | |
|---|---|
| Altri autori: | |
| Natura: | Capitolo di libro |
| Lingua: | slovacco |
| Soggetti: | |
| Tags: |
Nessun Tag, puoi essere il primo ad aggiungerne!!
|
MARC
| LEADER | 00000naa$a2200000$$$4500 | ||
|---|---|---|---|
| 001 | 0103939 | ||
| 005 | 20240709092823.9 | ||
| 041 | 0 | |a slo | |
| 044 | |a SK | ||
| 245 | 1 | 0 | |a Vybrané aspekty manažmentu ľudských zdrojov v zahraničných firmách na Slovensku |c Soňa Ferenčíková, Daniel Krajčík |
| 520 | |a V rokoch 2007-2008 sa uskutočnil výskum zameraný na pôsobnosť zahraničných investorov na Slovensku s osobitným dôrazom na skúmanie problematiky ľudských zdrojov. Informácia o cieľoch a záveroch výskumu. | ||
| 610 | 2 | 0 | |a zdroje ľudské |
| 610 | 2 | 0 | |a podnik zahraničný |
| 610 | 2 | 0 | |a investori |
| 610 | 2 | 0 | |a investovanie |
| 610 | 2 | 0 | |a investície priame zahraničné |
| 100 | 1 | |a Ferenčíková, Soňa, 1960- | |
| 700 | 1 | |a Krajčík, Daniel, 1981- | |